| 000 | 00499nam a2200133Ia 4500 | ||
|---|---|---|---|
| 008 | 200226s9999 xx 000 0 und d | ||
| 020 | _a978-1-5104-3621-3 | ||
| 100 | _aCousins, John | ||
| 245 |
_cJohn Cousins, Suzanne Weekes.-- _aFood and beverage service : _bfor the level 2 technical certificate / |
||
| 260 |
_aLondon : _bHooder Education _c2018 |
||
| 300 |
_aviii , 343 pages : _bcolor illustration ; _c28 cm. |
||
| 500 | _aIncludes bibliographical references and index. | ||
| 650 | _aFood service. | ||
| 999 |
_c362979 _d362979 |
||